[Event "Groningen op 53rd"]
[Site "Groningen"]
[Date "2015.12.27"]
[Round "6"]
[White "Van Meegen, Ruud"]
[Black "Chen, Pengyu"]
[Result "0-1"]
[WhiteElo "2111"]
[BlackElo "2289"]
[PlyCount "130"]
[EventDate "2015.12.21"]
[EventType "swiss"]
[EventRounds "9"]
[EventCountry "NED"]
[SourceTitle "OM OTB B 201907"]
[Source "Opening Master"]
[SourceDate "2019.07.06"]
[SourceVersion "2"]
[SourceVersionDate "2019.07.06"]
[SourceQuality "1"]

1. e4 c5 2. Nf3 Nc6 3. d4 cxd4 4. Nxd4 Nf6 5. Nc3 d6 6. Be2 e5 7. Nb3 Be7 8.
O-O O-O 9. f4 a5 10. a4 Nb4 11. Bf3 Be6 12. Be3 exf4 13. Bxf4 Nxc2 14. Qxc2
Qb6+ 15. Kh1 Bxb3 16. Qd2 Rfd8 17. Be3 Qb4 18. Qf2 Qc4 19. Rac1 Qe6 20. Rfe1
Rac8 21. Nd5 Nxd5 22. exd5 Qf5 23. Rxc8 Rxc8 24. Qg3 Qf6 25. Qg4 Rc4 26. Bg5
Qg6 27. Qd7 Bf8 28. Be7 Bxe7 29. Qxe7 h6 30. Qxb7 Qd3 31. Qb8+ Kh7 32. Qxd6 Qd2
33. Qe7 Rb4 34. d6 Be6 35. Rf1 Qd3 36. Kg1 Qe3+ 37. Kh1 Qd3 38. Kg1 Qd4+ 39.
Kh1 Qd3 40. Kg1 Rd4 41. Qc7 Qe3+ 42. Kh1 Qe5 43. Qc3 Qxd6 44. Qxa5 Bb3 45. Qf5+
g6 46. Qa5 Bxa4 47. Qc3 Rd3 48. Qc4 Bb3 49. Qb5 Be6 50. Qc6 Qb4 51. Qe4 Rd4 52.
Qc2 Rc4 53. Qd3 Qxb2 54. Bd5 Rd4 55. Bxe6 Rxd3 56. Rxf7+ Qg7 57. Rxg7+ Kxg7 58.
Kg1 Kf6 59. Bc8 Rd2 60. h3 Ke5 61. Kh2 Kf4 62. Bb7 h5 63. Bf3 Rd4 64. h4 Rd2
65. Kh3 Rd3 0-1

[Event "25. Erfurt Master Open"]
[Site "Erfurt GER"]
[Date "2015.12.27"]
[Round "2.14"]
[White "Ohme, Melanie"]
[Black "Stabolewski, Andreas"]
[Result "1-0"]
[WhiteElo "2316"]
[BlackElo "2130"]
[PlyCount "105"]
[EventDate "2015.12.26"]

1. e4 c5 2. Nf3 Nc6 3. d4 cxd4 4. Nxd4 Nf6 5. Nc3 d6 6. Be2 e5 7. Nf3 Be7 8.
Bg5 h6 9. Bxf6 Bxf6 10. Qd2 O-O 11. Rd1 Be6 12. O-O Rc8 13. Nb5 Nd4 14. Nfxd4
exd4 15. Nxd4 Bxd4 16. Qxd4 Rxc2 17. Bd3 Rc5 18. Bb1 Ra5 19. a3 d5 20. Ba2 Qd7
21. Qc3 Rb5 22. b4 Qc6 23. Qxc6 bxc6 24. Rc1 a5 25. bxa5 Rxa5 26. Rxc6 dxe4 27.
Bxe6 fxe6 28. Rxe6 Rxa3 29. Rxe4 Rfa8 30. Re2 Ra1 31. g3 Rxf1+ 32. Kxf1 Rf8 33.
Re7 Rf6 34. h4 Kh7 35. Kg2 Kg6 36. f4 h5 37. Kf3 Rf5 38. Re6+ Kf7 39. Re5 g6
40. g4 hxg4+ 41. Kxg4 Rf6 42. Kg5 Kg7 43. Rb5 Rf8 44. h5 gxh5 45. f5 h4 46.
Rb7+ Rf7 47. f6+ Kg8 48. Rb4 h3 49. Kg6 Rf8 50. Rb7 Ra8 51. Rg7+ Kf8 52. Rh7
Kg8 53. f7+ 1-0

[Event "EU-ch rapid"]
[Site "Minsk"]
[Date "2015.12.20"]
[Round "11"]
[White "Reshetnikov, Evgeny"]
[Black "Loginov, Valery A"]
[Result "0-1"]
[WhiteElo "2296"]
[BlackElo "2486"]
[PlyCount "156"]
[EventDate "2015.12.19"]
[EventType "swiss (rapid)"]
[EventRounds "11"]
[EventCountry "BLR"]
[SourceTitle "OM OTB B 201907"]
[Source "Opening Master"]
[SourceDate "2019.07.06"]
[SourceVersion "2"]
[SourceVersionDate "2019.07.06"]
[SourceQuality "1"]

1. e4 c5 2. Nf3 d6 3. d4 cxd4 4. Nxd4 Nf6 5. Nc3 Nc6 6. Be2 e5 7. Nb3 Be7 8.
O-O O-O 9. f4 a5 10. a4 Nb4 11. Kh1 Be6 12. Be3 Rc8 13. Bf3 Bc4 14. Rf2 exf4
15. Bxf4 Qb6 16. Qd4 Qxd4 17. Nxd4 d5 18. Rd2 Bc5 19. Nf5 d4 20. Nb5 d3 21.
cxd3 Nxd3 22. Bd6 Bxb5 23. Ne7+ Kh8 24. Nxc8 Rxc8 25. Bxc5 Nxc5 26. Rad1 Bxa4
27. Rd8+ Rxd8 28. Rxd8+ Ne8 29. e5 g6 30. Rc8 b6 31. Rb8 Kg7 32. Rxb6 Nc7 33.
Rb8 Bb3 34. Rc8 N7e6 35. Ra8 a4 36. Bc6 Nd3 37. Bxa4 Bxa4 38. Rxa4 Nxb2 39. Re4
Nd3 40. Kg1 g5 41. h4 Kg6 42. hxg5 Kf5 43. Ra4 Nxe5 44. Ra5 Nxg5 45. Rb5 f6 46.
Ra5 Ne4 47. Ra4 h5 48. Rb4 Ng4 49. Rb5+ Kg6 50. Ra5 f5 51. Ra6+ Kg5 52. Ra4 Ne3
53. Ra3 Nc4 54. Ra4 Ne5 55. Ra5 Nd3 56. Ra3 Nf4 57. Ra8 Ne2+ 58. Kf1 N2g3+ 59.
Kg1 Kf4 60. Ra4 Ne2+ 61. Kf1 N2c3 62. Ra3 Nd5 63. Rf3+ Kg4 64. Ra3 f4 65. Ra8
Ne3+ 66. Kg1 Kg3 67. Rh8 h4 68. Rg8+ Ng4 69. Rg7 Nc3 70. Kf1 Nd5 71. Kg1 Nde3
72. Rg8 Nxg2 73. Kh1 N2e3 74. Kg1 f3 75. Rf8 Nd5 76. Kh1 Nf4 77. Ra8 h3 78. Ra3
Nf2+ 0-1

[Event "Skopje-ch op"]
[Site "Skopje"]
[Date "2015.12.13"]
[Round "1"]
[White "Veljanoski, Andrej"]
[Black "Jacimovic, Dragoljub"]
[Result "0-1"]
[WhiteElo "1731"]
[BlackElo "2374"]
[PlyCount "75"]
[EventDate "2015.12.13"]
[EventType "swiss"]
[EventRounds "9"]
[EventCountry "MKD"]
[SourceTitle "OM OTB B 201907"]
[Source "Opening Master"]
[SourceDate "2019.07.06"]
[SourceVersion "2"]
[SourceVersionDate "2019.07.06"]
[SourceQuality "1"]

1. e4 c5 2. Nf3 d6 3. d4 cxd4 4. Nxd4 Nf6 5. Nc3 Nc6 6. Be2 e5 7. Nb3 Be7 8.
Be3 Be6 9. f3 O-O 10. O-O a5 11. Bb5 Qc7 12. Na4 Nd7 13. Qe2 b6 14. c3 Nc5 15.
Naxc5 bxc5 16. Bc4 a4 17. Nd2 Rfb8 18. Rab1 Na5 19. f4 Nxc4 20. Nxc4 f6 21. a3
Qc6 22. f5 Bf7 23. Nd2 Ba2 24. Qg4 Bxb1 25. Rxb1 c4 26. h4 Rb7 27. Qe2 Rc8 28.
g4 d5 29. Qf3 Rd7 30. exd5 Rxd5 31. g5 Rd3 32. Ne4 fxg5 33. hxg5 Bxg5 34. Re1
Bxe3+ 35. Rxe3 Rxe3 36. Qxe3 Qh6 37. Qg3 Qf4 38. Nf6+ 0-1

[Event "FICS unrated standard game"]
[Site "FICS freechess.org"]
[Date "2015.12.10"]
[Round "?"]
[White "TimLRogers"]
[Black "AdamBukojemski"]
[Result "0-1"]
[WhiteElo "2075"]
[BlackElo "2243"]
[PlyCount "36"]
[EventDate "2015.??.??"]

1. e4 c5 2. Nf3 Nc6 3. d4 cxd4 4. Nxd4 Nf6 5. Nc3 d6 6. Be2 e5 7. Nb3 a5 8. a4
Be6 9. Bg5 Be7 10. Bxf6 Bxf6 11. Nb5 Be7 12. Qd2 O-O 13. Rd1 Nb4 14. Na1 d5 15.
c3 Bg5 16. f4 Bxf4 17. Qxf4 exf4 18. cxb4 Qh4+ 0-1

[Event "FICS unrated standard game"]
[Site "FICS freechess.org"]
[Date "2015.12.09"]
[Round "?"]
[White "ChrisDoran"]
[Black "FilipposStamos"]
[Result "0-1"]
[WhiteElo "2024"]
[BlackElo "2164"]
[PlyCount "58"]
[EventDate "2015.??.??"]

1. e4 c5 2. Nf3 Nc6 3. d4 cxd4 4. Nxd4 Nf6 5. Nc3 d6 6. Be2 e5 7. Nb3 Be7 8.
Be3 O-O 9. O-O a5 10. a4 Nb4 11. f4 Be6 12. Rc1 Rc8 13. Bf3 exf4 14. Bxf4 Nxc2
15. Nxa5 Nb4 16. Nb3 Bxb3 17. Qxb3 Nd3 18. Bg3 Nxc1 19. Rxc1 Qd7 20. Rd1 Qe6
21. Qxb7 Rb8 22. Qa7 Rxb2 23. a5 Re8 24. Qd4 Qc8 25. Nd5 Qc2 26. Nxe7+ Rxe7 27.
Bxd6 Rxe4 28. Qa7 Rb1 29. Qa8+ Re8 0-1

[Event "FICS rated standard game"]
[Site "FICS freechess.org"]
[Date "2015.12.09"]
[Round "?"]
[White "darkiest"]
[Black "Speyside"]
[Result "1-0"]
[WhiteElo "2204"]
[BlackElo "2167"]
[PlyCount "91"]
[EventDate "2015.??.??"]

1. e4 c5 2. Nf3 Nf6 3. Nc3 d6 4. d4 cxd4 5. Nxd4 Nc6 6. Be2 e5 7. Ndb5 Be6 8.
Bg5 a6 9. Na3 b5 10. Nd5 Nd4 11. c3 Bxd5 12. exd5 Qa5 13. Bxf6 Nxe2 14. Bxe5
dxe5 15. Kxe2 Bxa3 16. bxa3 Qxa3 17. Qb3 Qc5 18. Rhd1 O-O 19. a4 bxa4 20. Rxa4
Rab8 21. Qa3 Qc8 22. Kf1 Rd8 23. c4 Qg4 24. f3 Qf5 25. Qd3 Qf4 26. g3 Qh6 27.
c5 Qxh2 28. Rh4 Qxg3 29. Qxh7+ Kf8 30. Rh3 Qf4 31. d6 f5 32. Qg6 Qc4+ 33. Kg1
Kg8 34. Rh7 Qf7 35. Rh8+ Kxh8 36. Qxf7 Rf8 37. Qh5+ Kg8 38. d7 e4 39. c6 Rbd8
40. c7 a5 41. cxd8=Q Rxd8 42. Rd5 Kf8 43. Re5 g6 44. Qxg6 f4 45. Re8+ Rxe8 46.
dxe8=R# 1-0

[Event "Pavlodar Open 2015"]
[Site "Pavlodar KAZ"]
[Date "2015.12.07"]
[Round "1.12"]
[White "Khabibulin, Rinat"]
[Black "Rasulov, Vugar"]
[Result "0-1"]
[WhiteElo "2052"]
[BlackElo "2493"]
[PlyCount "66"]
[EventDate "2015.12.07"]

1. e4 c5 2. Nf3 d6 3. d4 cxd4 4. Nxd4 Nf6 5. Nc3 Nc6 6. Be2 e5 7. Nb3 Be6 8.
Bg5 Be7 9. Bxf6 Bxf6 10. Nd5 O-O 11. O-O Bg5 12. c3 Ne7 13. Nxe7+ Qxe7 14. Bg4
Rad8 15. Bxe6 Qxe6 16. Qd5 Qxd5 17. exd5 f5 18. Na5 Rd7 19. Rfd1 Rc8 20. a4 Kf7
21. g3 h5 22. h4 Bd8 23. Nb3 g5 24. hxg5 Bxg5 25. Kg2 Kg6 26. Nd2 Rc5 27. Nb3
Rc8 28. Nd2 Bf6 29. c4 h4 30. gxh4 Rh8 31. b3 Rxh4 32. Rh1 Rd4 33. Nf3 Rg4+ 0-1

[Event "BL 1516 (Women)"]
[Site "Germany"]
[Date "2015.12.05"]
[Round "3.5"]
[White "Olsarova, Tereza"]
[Black "Schmidt, Jade"]
[Result "1-0"]
[WhiteElo "2298"]
[BlackElo "2054"]
[PlyCount "69"]
[EventDate "2015.09.26"]
[EventType "team-tourn"]
[EventRounds "11"]
[EventCountry "GER"]
[SourceTitle "OM OTB B 201907"]
[Source "Opening Master"]
[SourceDate "2019.07.06"]
[SourceVersion "2"]
[SourceVersionDate "2019.07.06"]
[SourceQuality "1"]

1. e4 c5 2. Nf3 d6 3. d4 cxd4 4. Nxd4 Nf6 5. Nc3 Nc6 6. Be2 e5 7. Nb3 Be7 8.
O-O O-O 9. Be3 a5 10. f4 a4 11. Nd2 exf4 12. Bxf4 Qb6+ 13. Kh1 Be6 14. Nb5 Ne5
15. c4 Rfc8 16. Rc1 Bd7 17. Nc3 Qd4 18. Qe1 Ng6 19. Bg3 Qb6 20. Rc2 Bc6 21. Bf2
Qa5 22. Bd4 Ne5 23. Qg3 Kh8 24. Rf5 Qc7 25. c5 Ng6 26. cxd6 Bxd6 27. e5 Qd7 28.
Rxf6 gxf6 29. exd6 Re8 30. Nc4 Qe6 31. Rc1 b5 32. Rf1 Ne5 33. Rxf6 Qxf6 34.
Nxe5 Bb7 35. Nxf7# 1-0

[Event "BL2-Ost 1516 (Women)"]
[Site "Germany"]
[Date "2015.12.05"]
[Round "3.3"]
[White "Kalkhof, Sandra"]
[Black "Dziodzio, Angelika"]
[Result "0-1"]
[WhiteElo "1873"]
[BlackElo "2095"]
[PlyCount "62"]
[EventDate "2015.09.26"]
[EventType "team-tourn"]
[EventRounds "7"]
[EventCountry "GER"]
[SourceTitle "OM OTB B 201907"]
[Source "Opening Master"]
[SourceDate "2019.07.06"]
[SourceVersion "2"]
[SourceVersionDate "2019.07.06"]
[SourceQuality "1"]

1. e4 c5 2. Nf3 d6 3. d4 cxd4 4. Nxd4 Nf6 5. Nc3 Nc6 6. Be2 e5 7. Nb3 Be7 8.
O-O O-O 9. Kh1 a5 10. a4 Nb4 11. Be3 d5 12. exd5 Nbxd5 13. Nxd5 Nxd5 14. Qd3
Be6 15. Bc5 b6 16. Bxe7 Qxe7 17. Qe4 Qc7 18. Rfc1 f5 19. Qc4 Qf7 20. Qb5 Bd7
21. Qd3 Rac8 22. Qd1 Be6 23. Nd2 Nf4 24. Qf1 Rfd8 25. Nf3 Qf6 26. c3 g5 27. Rd1
g4 28. Ne1 Bd5 29. Bb5 h5 30. f3 h4 31. Nc2 h3 0-1

[Event "FICS rated standard game"]
[Site "FICS freechess.org"]
[Date "2015.12.03"]
[Round "?"]
[White "Symbolic"]
[Black "Speyside"]
[Result "1-0"]
[WhiteElo "2292"]
[BlackElo "2155"]
[PlyCount "137"]
[EventDate "2015.??.??"]

1. e4 c5 2. Nf3 d6 3. d4 cxd4 4. Nxd4 Nf6 5. Nc3 Nc6 6. Be2 e5 7. Nb3 Be7 8.
O-O O-O 9. f4 a5 10. a4 Nb4 11. Kh1 Be6 12. Be3 Bxb3 13. cxb3 Qc8 14. Rc1 Qb8
15. g4 Qd8 16. g5 Nd7 17. Nd5 exf4 18. Bxf4 Ne5 19. Nxb4 axb4 20. Qd2 Qa5 21.
Bb5 Qb6 22. Be3 Qa5 23. Qd5 Qd8 24. h4 Ng6 25. Bf2 Rc8 26. Qxb7 Rxc1 27. Rxc1
Bxg5 28. hxg5 Qxg5 29. Qc6 Nf4 30. Bf1 Qh5+ 31. Kg1 Qg5+ 32. Kh2 Qh5+ 33. Kg3
Ng6 34. Rc2 Qe5+ 35. Kg2 Nf4+ 36. Kg1 Qg5+ 37. Kh2 Qh5+ 38. Kg3 Qe5 39. Kf3 d5
40. exd5 Qf5 41. d6 Nd5+ 42. Kg2 Nf4+ 43. Kh2 Qh5+ 44. Kg3 Qg5+ 45. Kf3 Nh5 46.
Rc4 Qf5+ 47. Kg2 Nf4+ 48. Kh2 Qh5+ 49. Kg3 Nd5 50. d7 Nf6 51. Bh3 Qe5+ 52. Kg2
Qg5+ 53. Kh1 Qh5 54. Bh4 Qd1+ 55. Kh2 Qd2+ 56. Qg2 Qd6+ 57. Bg3 Qd3 58. Be5 Qg6
59. Qxg6 hxg6 60. Bxf6 gxf6 61. Rc8 Kg7 62. Rxf8 Kxf8 63. d8=Q+ Kg7 64. a5 f5
65. a6 f4 66. a7 Kh7 67. a8=R Kh6 68. Qf6 f3 69. Rh8# 1-0

[Event "Belgrade Trophy 29th"]
[Site "Belgrade"]
[Date "2015.11.30"]
[Round "7"]
[White "Vujacic, Borivoje"]
[Black "Todorovic, Goran M"]
[Result "0-1"]
[WhiteElo "2254"]
[BlackElo "2476"]
[PlyCount "66"]
[EventDate "2015.11.24"]
[EventType "swiss"]
[EventRounds "9"]
[EventCountry "SRB"]
[SourceTitle "OM OTB B 201907"]
[Source "Opening Master"]
[SourceDate "2019.07.06"]
[SourceVersion "2"]
[SourceVersionDate "2019.07.06"]
[SourceQuality "1"]

1. e4 c5 2. Nf3 d6 3. d4 cxd4 4. Nxd4 Nf6 5. Nc3 Nc6 6. Be2 e5 7. Nf3 h6 8. O-O
Be7 9. Re1 O-O 10. h3 Be6 11. Bf1 Nb8 12. Nd5 Nxd5 13. exd5 Bf5 14. a4 Qc7 15.
c3 Bh7 16. a5 Na6 17. Ra3 f5 18. b4 Bf6 19. Qd2 Kh8 20. Bb2 Rae8 21. c4 Qf7 22.
c5 e4 23. Bxf6 Qxf6 24. Bxa6 bxa6 25. Nd4 dxc5 26. bxc5 Bg8 27. d6 Re5 28. Qc3
Rc8 29. d7 Rcxc5 30. Qb4 Rc4 31. Qb7 Rxd4 32. Rc3 Red5 33. Rc7 Rd1 0-1

[Event "BEL-chT 1516"]
[Site "Belgium"]
[Date "2015.11.29"]
[Round "5.5"]
[White "Wantiez, Fabrice"]
[Black "Buscher, Michael"]
[Result "1/2-1/2"]
[WhiteElo "2322"]
[BlackElo "2392"]
[PlyCount "73"]
[EventDate "2015.09.27"]
[EventType "team-tourn"]
[EventRounds "11"]
[EventCountry "BEL"]
[SourceTitle "OM OTB B 201907"]
[Source "Opening Master"]
[SourceDate "2019.07.06"]
[SourceVersion "2"]
[SourceVersionDate "2019.07.06"]
[SourceQuality "1"]

1. e4 c5 2. Nf3 Nc6 3. d4 cxd4 4. Nxd4 Nf6 5. Nc3 d6 6. Be2 e5 7. Nf3 h6 8. h3
Be6 9. O-O Be7 10. Re1 d5 11. Bb5 d4 12. Nd5 Nxd5 13. exd5 Bxd5 14. Nxe5 O-O
15. Bxc6 Bxc6 16. Nxc6 bxc6 17. Qg4 Kh8 18. Qe4 Bf6 19. Qxc6 Rc8 20. Qa4 Qc7
21. Re2 Qc4 22. Qxc4 Rxc4 23. c3 dxc3 24. bxc3 Rfc8 25. Be3 Rxc3 26. Rb1 a6 27.
Rb6 R3c6 28. a4 Rxb6 29. Bxb6 Rc1+ 30. Kh2 Ra1 31. Re4 Kh7 32. Rc4 Ra3 33. g3
Kg6 34. Kg2 Rc3 35. Rxc3 Bxc3 36. Kf3 Kf5 37. Ke3 1/2-1/2

[Event "Figueira da Foz op 9th"]
[Site "Figueira da Foz"]
[Date "2015.11.28"]
[Round "9"]
[White "Costa, Joao Guerra"]
[Black "Paiva, Henrique MA Alberg"]
[Result "0-1"]
[WhiteElo "2182"]
[BlackElo "1916"]
[PlyCount "80"]
[EventDate "2015.11.21"]
[EventType "swiss"]
[EventRounds "9"]
[EventCountry "POR"]
[SourceTitle "OM OTB B 201907"]
[Source "Opening Master"]
[SourceDate "2019.07.06"]
[SourceVersion "2"]
[SourceVersionDate "2019.07.06"]
[SourceQuality "1"]

1. e4 c5 2. Nf3 d6 3. d4 cxd4 4. Nxd4 Nf6 5. Nc3 Nc6 6. Be2 e5 7. Nf3 h6 8. h3
Be6 9. O-O Be7 10. Re1 O-O 11. Bf1 Rc8 12. Nd5 Nd7 13. b3 Nb6 14. Nxe7+ Qxe7
15. Ba3 Rfd8 16. Qd2 Qf6 17. Qe2 d5 18. exd5 Bxd5 19. Nxe5 Nd4 20. Qh5 Nxc2 21.
Bb2 Qg5 22. Qxg5 hxg5 23. Bd3 Nxa1 24. Rxa1 Be6 25. Be4 Rd2 26. Rb1 Bd5 27. Bf5
Re8 28. Ng4 Be6 29. Ne3 Bxf5 30. Nxf5 f6 31. Ne3 Nd5 32. Nc4 Rc2 33. a4 Ree2
34. Bd4 b6 35. Rd1 Nc3 36. Rd3 Ne4 37. Be3 Nxf2 38. Bxf2 Rxf2 39. Ne3 Rfd2 40.
Rxd2 Rxd2 0-1

[Event "Heusenstamm Schloss op-A 2nd"]
[Site "Heusenstamm"]
[Date "2015.11.28"]
[Round "4"]
[White "Ovsepyan, Mikhail"]
[Black "Kagan, Dennis"]
[Result "0-1"]
[WhiteElo "1785"]
[BlackElo "2009"]
[PlyCount "48"]
[EventDate "2015.11.26"]
[EventType "swiss"]
[EventRounds "7"]
[EventCountry "GER"]
[SourceTitle "OM OTB B 201907"]
[Source "Opening Master"]
[SourceDate "2019.07.06"]
[SourceVersion "2"]
[SourceVersionDate "2019.07.06"]
[SourceQuality "1"]

1. e4 c5 2. Nf3 d6 3. d4 cxd4 4. Nxd4 Nf6 5. Nc3 Nc6 6. Be2 e5 7. Nb3 Be7 8.
O-O O-O 9. Bg5 Nxe4 10. Nxe4 Bxg5 11. Nxd6 Qb6 12. Nxc8 Raxc8 13. c3 a5 14. Qc2
a4 15. Nc1 Nd4 16. Qe4 Qxb2 17. Rb1 Qxc3 18. Bd3 f5 19. Qd5+ Kh8 20. Qxb7 Bxc1
21. Ba6 Bh6 22. Qe7 Qc5 23. Qd7 Ra8 24. Bd3 Ra7 0-1

[Event "Dallas UT Fall op"]
[Site "Dallas"]
[Date "2015.11.22"]
[Round "4"]
[White "Ghatti, Sanjay"]
[Black "Calugar, Arthur"]
[Result "1/2-1/2"]
[WhiteElo "2151"]
[BlackElo "2206"]
[PlyCount "114"]
[EventDate "2015.11.20"]
[EventType "swiss"]
[EventRounds "9"]
[EventCountry "USA"]
[SourceTitle "OM OTB B 201907"]
[Source "Opening Master"]
[SourceDate "2019.07.06"]
[SourceVersion "2"]
[SourceVersionDate "2019.07.06"]
[SourceQuality "1"]

1. e4 c5 2. Nf3 d6 3. d4 cxd4 4. Nxd4 Nf6 5. Nc3 Nc6 6. Be2 e5 7. Nb3 Be7 8.
Bg5 O-O 9. O-O Nxe4 10. Nxe4 Bxg5 11. Qxd6 Be7 12. Qxd8 Rxd8 13. c3 Be6 14.
Nec5 Bxc5 15. Nxc5 Rd2 16. Bf3 Bd5 17. Rad1 Rxd1 18. Rxd1 Bxf3 19. gxf3 b6 20.
Ne4 f5 21. Ng3 g6 22. Rd7 Rd8 23. Rc7 Rd6 24. a4 a5 25. Kg2 Nd8 26. Rc8 h5 27.
f4 e4 28. Ne2 Kf7 29. Rc7+ Kf6 30. Nd4 Ne6 31. Nxe6 Kxe6 32. b4 axb4 33. cxb4
Kf6 34. b5 Rd4 35. Rc6+ Kg7 36. Rxb6 Rxa4 37. Rb7+ Kh6 38. b6 Rb4 39. Rb8 Rb3
40. b7 Kg7 41. Kf1 Rb2 42. h4 Kh7 43. Ke1 Kg7 44. Kd1 Kh7 45. Kc1 Rb6 46. Kc2
Kg7 47. Kc3 Rb1 48. Kd4 Rb2 49. Ke5 Rb1 50. Kd6 Rd1+ 51. Kc6 Rc1+ 52. Kd7 Rd1+
53. Ke6 Rb1 54. Ke7 Rb2 55. Ke6 Rb1 56. Kd6 Rd1+ 57. Ke6 Rb1 1/2-1/2

[Event "FICS rated standard game"]
[Site "FICS freechess.org"]
[Date "2015.11.22"]
[Round "?"]
[White "GriffyJr"]
[Black "FlamingWolf"]
[Result "0-1"]
[WhiteElo "2039"]
[BlackElo "2151"]
[PlyCount "82"]
[EventDate "2015.??.??"]

1. e4 c5 2. Nf3 Nc6 3. d4 cxd4 4. Nxd4 Nf6 5. Nc3 d6 6. Be2 e5 7. Nf3 h6 8. O-O
Be7 9. Re1 O-O 10. h3 Be6 11. Bf1 Nb8 12. b3 a6 13. a4 Nbd7 14. Bb2 Rc8 15. a5
Qc7 16. Nd2 Nc5 17. Nc4 Qc6 18. Qf3 Bd8 19. b4 Ncxe4 20. Nxe4 Nxe4 21. Qxe4
Bxc4 22. Bxc4 Qxc4 23. c3 Qb3 24. Re2 Rc7 25. Qf5 Bf6 26. Rae1 d5 27. Kh1 e4
28. Rd2 Rd8 29. Red1 Bg5 30. f4 exf3 31. Qc2 Qc4 32. Rf2 fxg2+ 33. Kxg2 d4 34.
Rd3 Re8 35. Rxd4 Qc6+ 36. Rf3 Rce7 37. Qb3 Re2+ 38. Kg3 Qxf3+ 39. Kxf3 R8e3+
40. Kg4 Rg2+ 41. Kh5 g6# 0-1

[Event "Budapest Art Pub op 9th"]
[Site "Budapest"]
[Date "2015.11.21"]
[Round "2"]
[White "Fabian, Laszlo"]
[Black "Simonyi, Gergo"]
[Result "0-1"]
[WhiteElo "1577"]
[BlackElo "1769"]
[PlyCount "114"]
[EventDate "2015.11.20"]
[EventType "swiss"]
[EventRounds "6"]
[EventCountry "HUN"]
[SourceTitle "OM OTB B 201907"]
[Source "Opening Master"]
[SourceDate "2019.07.06"]
[SourceVersion "2"]
[SourceVersionDate "2019.07.06"]
[SourceQuality "1"]

1. e4 c5 2. Nf3 d6 3. Nc3 Nc6 4. d4 cxd4 5. Nxd4 Nf6 6. Be2 e5 7. Nxc6 bxc6 8.
O-O Be7 9. h3 O-O 10. Qd3 Bb7 11. Qg3 Re8 12. Bh6 Bf8 13. Rab1 d5 14. exd5 cxd5
15. Bg5 Qb6 16. Bxf6 Qxf6 17. Bb5 Red8 18. Ba4 Rac8 19. Bb3 d4 20. Nd1 e4 21.
f4 e3 22. Re1 Bd6 23. Qg5 Qxg5 24. fxg5 Bg3 25. Re2 Ba6 26. c4 Rc5 27. a3 Rb8
28. Ba2 Bxc4 29. Bxc4 Rxc4 30. b3 g6 31. Reb2 Rc5 32. b4 Rc4 33. Kf1 Rbc8 34.
Ke2 Be5 35. Rb3 Rc2+ 36. Kf3 f5 37. gxf6 Bxf6 38. Nb2 Rf2+ 39. Ke4 Rxg2 40. Nd3
Rh2 41. Rf1 Kg7 42. Nf4 Re8+ 43. Kd5 e2 44. Re1 Bh4 45. Rbb1 Bxe1 46. Rxe1 Rd8+
47. Kc4 Kf6 48. Nxe2 Rxh3 49. a4 d3 50. Rf1+ Ke5 51. Nc3 Rc8+ 52. Kb3 d2 53.
Kc2 Rcxc3+ 54. Kxd2 Ra3 55. Re1+ Kd4 56. Kc2 Ra2+ 57. Kb1 Rxa4 0-1

[Event "EU-chT (Women) 20th"]
[Site "Reykjavik"]
[Date "2015.11.20"]
[Round "7.4"]
[White "Sandu, Mihaela"]
[Black "Majdan, Joanna"]
[Result "0-1"]
[WhiteElo "2207"]
[BlackElo "2378"]
[PlyCount "114"]
[EventDate "2015.11.13"]
[EventType "team-swiss"]
[EventRounds "9"]
[EventCountry "ISL"]
[SourceTitle "OM OTB B 201907"]
[Source "Opening Master"]
[SourceDate "2019.07.06"]
[SourceVersion "2"]
[SourceVersionDate "2019.07.06"]
[SourceQuality "1"]

1. e4 c5 2. Nf3 d6 3. d4 cxd4 4. Nxd4 Nf6 5. Nc3 Nc6 6. Be2 e5 7. Nf3 h6 8. O-O
Be7 9. Re1 O-O 10. h3 Be6 11. Bf1 Qa5 12. a3 Rfc8 13. Rb1 Nb8 14. Bd2 Qd8 15.
Nh2 Nbd7 16. Be2 Nb6 17. Ng4 Nc4 18. Bxc4 Rxc4 19. Nxf6+ Bxf6 20. Nd5 Bxd5 21.
exd5 Rd4 22. Qe2 Rxd5 23. Rbd1 Rc5 24. Be3 Rc6 25. Rd5 Qc8 26. c3 Qe6 27. Red1
a6 28. Kh1 Be7 29. a4 f5 30. c4 Rac8 31. b3 Rf8 32. f3 g5 33. Bg1 g4 34. c5
gxh3 35. gxh3 f4 36. Qg2+ Kf7 37. Qg4 Rg8 38. Qh5+ Qg6 39. Qxg6+ Rxg6 40. Bf2
Ke6 41. b4 dxc5 42. bxc5 Rc7 43. Kh2 Rg8 44. h4 Rgc8 45. Kh3 h5 46. Kh2 Rc6 47.
Kh3 R8c7 48. R5d2 e4 49. fxe4 Bxc5 50. Bxc5 Rxc5 51. Kg2 Ke5 52. Kf3 Rc3+ 53.
Ke2 Rc2 54. Re1 f3+ 55. Ke3 Rxd2 56. Kxd2 Kf4 57. e5 Rd7+ 0-1

[Event "Cairo Egyptian op"]
[Site "Cairo"]
[Date "2015.11.18"]
[Round "5"]
[White "Hussein, Amer"]
[Black "Farahat, Ali"]
[Result "1/2-1/2"]
[WhiteElo "2210"]
[BlackElo "2399"]
[PlyCount "59"]
[EventDate "2015.11.15"]
[EventType "swiss"]
[EventRounds "11"]
[EventCountry "EGY"]
[SourceTitle "OM OTB B 201907"]
[Source "Opening Master"]
[SourceDate "2019.07.06"]
[SourceVersion "2"]
[SourceVersionDate "2019.07.06"]
[SourceQuality "1"]

1. e4 c5 2. Nf3 Nc6 3. d4 cxd4 4. Nxd4 Nf6 5. Nc3 d6 6. Be2 e5 7. Nb3 Be7 8.
O-O O-O 9. Be3 a6 10. a3 b5 11. Nd5 Bb7 12. Bb6 Qc8 13. c4 bxc4 14. Bxc4 Nxe4
15. Rc1 Bg5 16. Rc2 Nf6 17. Na5 Qd7 18. Nxb7 Qxb7 19. Be3 Nd4 20. Bxd4 exd4 21.
Qxd4 Rab8 22. h4 Bxh4 23. Rd1 Nxd5 24. Qxh4 Nb6 25. Rxd6 Nxc4 26. Qxc4 a5 27.
Re2 Rfc8 28. Qd5 Qc7 29. g3 h6 30. Rd2 1/2-1/2

[Event "Oberliga Nord W 1516"]
[Site "Germany"]
[Date "2015.11.15"]
[Round "3.4"]
[White "Baisakow, Alexander"]
[Black "Giel, Olaf"]
[Result "0-1"]
[WhiteElo "2150"]
[BlackElo "2159"]
[PlyCount "108"]
[EventDate "2015.09.20"]
[EventType "team-tourn"]
[EventRounds "9"]
[EventCountry "GER"]
[SourceTitle "OM OTB B 201907"]
[Source "Opening Master"]
[SourceDate "2019.07.06"]
[SourceVersion "2"]
[SourceVersionDate "2019.07.06"]
[SourceQuality "1"]

1. e4 c5 2. Nf3 d6 3. d4 cxd4 4. Nxd4 Nf6 5. Nc3 Nc6 6. Be2 e5 7. Nb3 Be6 8. f4
exf4 9. Bxf4 d5 10. e5 Ne4 11. Nxe4 dxe4 12. Bb5 Qb6 13. Bxc6+ Qxc6 14. Nd4 Qb6
15. Nxe6 Qxe6 16. Qd4 Qc6 17. O-O-O Rc8 18. c3 Bc5 19. Qd5 Qxd5 20. Rxd5 Ke7
21. Rhd1 b5 22. Kb1 Ke6 23. Bg3 Rc6 24. Rd7 Rhc8 25. Rb7 Bb6 26. Re1 Rc4 27. a3
h5 28. Kc2 e3 29. h3 Rd8 30. Rd1 Rxd1 31. Kxd1 h4 32. Bh2 Rc8 33. Bf4 Rd8+ 34.
Ke1 Rd2 35. Bg5 Rxg2 36. Bxh4 Kxe5 37. Rxf7 Ke4 38. Kf1 Rh2 39. Rxg7 Rxh3 40.
Be1 Rh2 41. Rg2 Rxg2 42. Kxg2 Kd3 43. Kf3 Kc2 44. b4 Kd1 45. Bh4 Kd2 46. Ke4
Kxc3 47. Kd5 Kb3 48. Be1 Kxa3 49. Ke4 Kb3 50. Kd3 Bd8 51. Bc3 e2 52. Bd2 Be7
53. Kxe2 Bxb4 54. Be3 a5 0-1